Korekce tří metodologických omylů ekonomie autorského práva

Hlavné metodologické omyly, ktorými je súčasná ekonómia autorského práva zaťažená. Korekcia troch metodologických omylov koreňov ekonomickej teórie autorského práva a nastavenie nového rámca analýzy procesu tvorby diel a ich šírenia.

Na minha lista:
Detalhes bibliográficos
Autor principal: Moravcová, Hana
Formato: Capítulo de Livro
Idioma:tcheco
Assuntos:
Tags: Adicionar Tag
Sem tags, seja o primeiro a adicionar uma tag!

MARC

LEADER 00000naa a2200000 4500
001 0246538
005 20180724075122.9
041 0 |a cze 
044 |a CZ 
245 1 0 |a Korekce tří metodologických omylů ekonomie autorského práva  |c Hana Moravcová 
520 |a Hlavné metodologické omyly, ktorými je súčasná ekonómia autorského práva zaťažená. Korekcia troch metodologických omylov koreňov ekonomickej teórie autorského práva a nastavenie nového rámca analýzy procesu tvorby diel a ich šírenia. 
610 2 0 |a právo autorské 
610 2 0 |a teórie ekonomické 
610 2 0 |a metodológia 
610 2 0 |a ochrana autorstva 
100 1 |a Moravcová, Hana